Химия и технология основного органического и нефтехимического синтеза: учебник

Dades bibliogràfiques
Autor principal: Лебедев Н. Н. Николай Николаевич
Sumari:В четвертом (3-е издание вышло в 1981 г.) издании дано описание важнейших исходных веществ и производств многотоннажных органических продуктов. Материал систематизирован по типовым химическим процессам: галогенирование, гидролиз, гидратация и дегидратация, этерификация, амидирование, сульфатирование, сульфирование и нитрование, окисление,гидрирование и дегидрирование. Книга предназначена для студентов химико-технологических специальностей вузов. Она представляет также интерес для специалистов, работающих в области основного органического синтеза и нефтехимии, а также смежных отраслей химической технологии.
Idioma:rus
Publicat: Москва, Альянс, 2013
Edició:4-е изд., перераб. и доп.
Matèries:
Format: MixedMaterials Llibre
KOHA link:https://koha.lib.tpu.ru/cgi-bin/koha/opac-detail.pl?biblionumber=231476

MARC

LEADER 00000nam0a2200000 4500
001 231476
005 20231101231105.0
010 |a 9785918720356 
035 |a (RuTPU)RU\TPU\book\252496 
090 |a 231476 
100 |a 20130201d2013 m y0rusy50 ca 
101 0 |a rus 
102 |a RU 
105 |a a j 001zy 
200 1 |a Химия и технология основного органического и нефтехимического синтеза  |e учебник  |f Н. Н. Лебедев 
205 |a 4-е изд., перераб. и доп. 
205 |a Репринтное воспроизведение 
210 |a Москва  |c Альянс  |d 2013 
215 |a 592 с.  |c ил. 
320 |a Библиогр.: с. 572. 
320 |a Предметный указатель: с. 573-589. 
330 |a В четвертом (3-е издание вышло в 1981 г.) издании дано описание важнейших исходных веществ и производств многотоннажных органических продуктов. Материал систематизирован по типовым химическим процессам: галогенирование, гидролиз, гидратация и дегидратация, этерификация, амидирование, сульфатирование, сульфирование и нитрование, окисление,гидрирование и дегидрирование. Книга предназначена для студентов химико-технологических специальностей вузов. Она представляет также интерес для специалистов, работающих в области основного органического синтеза и нефтехимии, а также смежных отраслей химической технологии. 
606 1 |a Органический синтез  |x Химический контроль  |2 stltpush  |3 (RuTPU)RU\TPU\subj\32404  |9 54964 
606 1 |a Нефтехимический синтез  |2 stltpush  |3 (RuTPU)RU\TPU\subj\72455  |9 85966 
610 1 |a исходные материалы 
610 1 |a парафины 
610 1 |a олефины 
610 1 |a ароматические углеводороды 
610 1 |a синтез-газ 
610 1 |a оксид углерода 
610 1 |a галогенирование 
610 1 |a радикально-цепное хлорирование 
610 1 |a фторирование 
610 1 |a гидролиз 
610 1 |a гидратация 
610 1 |a дегидратация 
610 1 |a этерификация 
610 1 |a амидирование 
610 1 |a алкилирование 
610 1 |a сульфатирование 
610 1 |a сульфирование 
610 1 |a нитрование 
610 1 |a окисление 
610 1 |a гидрирование 
610 1 |a дегидрирование 
610 1 |a карбонильные группы 
610 1 |a конденсация 
610 1 |a учебники 
675 |a 661.7(075.8)  |v 3 
675 |a 665.652.7(075.8)  |v 3 
700 1 |a Лебедев  |b Н. Н.  |g Николай Николаевич 
801 1 |a RU  |b 63413507  |c 20130201 
801 2 |a RU  |b 63413507  |c 20160429  |g RCR 
900 |a Химия и технология основного органического и нефтехимического синтеза 
942 |c BK 
959 |a 18/20130201  |d 150  |e 0  |f ЧЗТЛ:1  |f АНЛ:1  |f УФ:148